02306cam a22004335i 450000100090000000300090000900500170001800800410003502000300007602000270010604000430013308200220017610000390019824502590023724600380049625000190053426400370055326400100059030000460060033600260064633700280067233800270070049000300072750000740075750000210083150000240085252002530087665000690112965000550119865300420125365300240129565500240131970000430134394200120138699900170139895201570141595201570157295201430172917855500EG-ScBUE20250227094153.0130816t2014 nyua fr 001 0 eng d a9780071822527 (paperback) a0071822526 (paperback) aEG-ScBUEbengerdacEG-ScBUEdEG-ScBUE04a519.5076bSPI2221 aSpiegel, Murray R.,eauthor.9261710aStatistics /cMurray R. Spiegel, Ph.D., Former Professor and Chairman, Mathematics Department, Rensselaer Polytechnic Institute, Hartford Graduate Center, Larry J. Stephens., Ph.D., Full Professor, Mathematics Department, University of Nebraska at Omaha.33aSchaum’s outlines of Statistics aFifth edition. 1aNew York :bMcGraw-Hill,c[2014] 4cc2014 axix, 577 pages :billustrations ;c28 cm. 2rdacontentatextbtxt aunmediated2rdamediabn avolumebnc2rdacarrier0 aSchaum’s outline series a"508 fully solved problems,25 problem-solving videos online."--Cover. aIncludes index.  aIncludes appendix.  aWith 508 solved problems, this book includes: information on frequency distribution, elementary probability theory, elementary sampling theory, statistical decision theory, and analysis of variance; and concise explanation of all course concepts.-- 7aMathematical statisticsvProblems, exercises, etc.2BUEsh941268 7aStatisticsvProblems, exercises, etc.2BUEsh94000 bBUSECObCOMAMEcJune2015cOctober2015 bENGELCcOctober2016 vReading book9342321 aStephens, Larry J.,‏941314eauthor. 2ddccBB c19831d19803 00102ddc40708AlahramaMAINbMAINc1STd2015-06-22ePurchaseg165.00h335l1m1o519.5076 SPIp000038914r2025-07-15 00:00:00s2021-11-01v206.25yBB 00102ddc40708AlahramaMAINbMAINc1STd2015-06-22ePurchaseg165.00h435l1m6o519.5076 SPIp000038915r2025-07-15 00:00:00s2021-04-24v206.25yBB 00102ddc40708BaccahaMAINbMAINc1STd2016-10-03ePurchaseg160.00l2m3o519.5076 SPIp000033795r2025-07-15 00:00:00s2022-10-05yBB